| 000 | 00703nam a2200229Ia 4500 | ||
|---|---|---|---|
| 003 | GCL | ||
| 008 | 140319s9999 xx 000 0 ara d | ||
| 040 |
_aGCL / _cGCL |
||
| 082 | 0 | 4 |
_a328.3 _bل ح |
| 100 | 1 | _aلانداو، جاكوب | |
| 245 | 1 | 0 |
_aالحياة النيابية والاحزاب فى مصر من 1866 الى 1952 / _cلانداو، جاكوب |
| 700 | 1 | _aسامى الليثى (مترجم) | |
| 260 |
_a[S.N] : _bمكتبة مدبولى |
||
| 300 | _a232 ص | ||
| 490 | _a | ||
| 650 | 0 | 4 | _aالعصر الحديث |
| 650 | 0 | 4 | _aمصر |
| 650 | 0 | 4 | _aتاريخ |
| 650 | 0 | 4 | _aالاحزاب السياسية |
| 650 | 0 | 4 | _aالهيئات التشريعية |
| 942 |
_2ddc _cBK |
||
| 999 |
_c35380 _d35380 |
||